10 Poorest Countries - Statistics

General Stats
  • This quiz has been taken 41 times
  • The average score is 5 of 10
Answer Stats
GDP Answer % Correct
$853.43 Niger
68%
$827.93 Central African Republic
63%
$648.58 Burundi
58%
$394.25 Congo
58%
$893.84 Malawi
53%
$716.04 Liberia
50%
$792.13 Eritrea
47%
$589.46 Zimbabwe
47%
$1,072.19 Afghanistan
37%
$972.07 Madagascar
32%
No matching quizzes found
Score Distribution
Percent of People with Each Score
Percentile by Number Answered
Your Score History
You have not taken this quiz